000 00619nam a2200193Ia 4500
008 151119s9999||||xx |||||||||||||| ||und||
082 _a891.46308
082 _bGKKV30482
100 _a"धर्मापुरीकर, मधुकर"
245 _aगोष्टीवेल्हाळ
260 _a--
260 _b--
260 _c2009
600 _a"धर्मापुरीकर, मधुकर"
630 _aगोष्टीवेल्हाळ
700 _a"धर्मापुरीकर, मधुकर"
730 _aगोष्टीवेल्हाळ
942 _cBOOK
999 _c1082814
_d1082811